000 01211nam1a2200289 i 4500
001 RU\NLR\bibl\316825
005 20260419041934.0
035 _a(NLR Aleph) 000311903
090 _a42925
_c42925
100 _a20021009g20029999u y0rusy50 ca
101 0 _arus
102 _aRU
105 _aa |||||||||
200 1 _aТрансфер технологий в свободных экономических зонах. Тенденции. Теория и практика ("ТРАНСТЕХ - 2002")
_eСб. докл. Первой междунар. науч.-практ. конф., Гомель, 15-17 мая 2002 г.
_f[Сост.: В.Ф. Бык и др.]
210 _aГомель
_cИММС
_d2002
215 _d29
300 _aВ надзаг.: СЭЗ "Гомель-Ратон"
463 0 _1001308395
606 _aСвободные экономические зоны
_jСъезды, совещания и т.п.
_3RU\NLR\auth\66448039
_91128633
686 _aУ58я431
702 1 _aБык
_bВ. Ф.
_4220
801 0 _aRU
_bNLR
_c20021009
_gPSBO
801 1 _aRU
_bNLR
_c20021009
852 _aNLR
_j2002-8/2611
942 _cBOOK